000 00456nam a2200193Ia 4500
008 210210b2010 xxu||||| |||| 00| 0 eng d
020 _a9788129115515
041 _aeng
082 _a820.33 SUBD
100 _aSUBRAMANIAN (Ravi)
245 _aDevil in pinstripes
260 _aChennai
_bRupa and Company
_c2010
300 _a279
650 _apinstripes
650 _ain
650 _aDevil
690 _aIndian English Fiction
906 _a064629
999 _c141532
_d141532